| 000 | 00897cam a2200217 4500 | ||
|---|---|---|---|
| 001 | WB3723-07 | ||
| 008 | 000000n2001 000 0 eng u | ||
| 035 | _a(Sirsi) u113076 | ||
| 245 | _aLondon crowds out biotech companies | ||
| 260 | _c2001 | ||
| 490 |
_aFinancial Times _v 13 June 2001, 8(2) |
||
| 520 | _aA shortage of laboratory space is threatening London's development as a world-class biotechnology cluster, despite the capital having more than 50 biotech companies - far more than previously thought. This is according to a new study by the London Biotechnology Network. Established companies are being forced to move out of London to secure laboratory space. | ||
| 590 | _aWB | ||
| 650 | _aLABORATORIES | ||
| 650 | _aBIOTECHNOLOGY INDUSTRY | ||
| 650 | _aCOMPANIES | ||
| 650 | _aLONDON | ||
| 650 | _aBUSINESS CLUSTERS | ||
| 690 | _aPROPERTY-COMMERCIAL PROPERTY | ||
| 942 | _n0 | ||
| 999 |
_c67314 _d67314 |
||